000 01185nam a2200325Ia 4500
001 Z_6863
003 CHAP
005 20230628193356.0
008 220113s2015 xx 000 0 und d
010 _a170137
040 _cCHAP
090 _aTesis V59 2503
100 _aVizcaya Balderrama, Alma Rosa
_9129592
245 _aAnálisis sensorial en chilorio de guajolote nativo (Meleagris gallopavo Linn) /
_cAlma Rosa Vizcaya Balderrama
260 _aMéxico :
_bEl autor,
_c2015
300 _a64 p.
502 _aTesis (Ingeniero Agrónomo Especialista en Zootecnia) -- UACh, 2015 \ Dirección: Elvia López Pérez; asesoría: Arturo Pro Martínez y Agustín Ruiz Flores
650 _aCarne de guajolota
_9146184
650 _aGuajolota autóctona
_9146185
650 _aPruebas organolépticas de chilorio de guajolota
_9146186
700 _a Pro Martínez, Arturo, asesor
_9144173
700 _a Ruiz Flores, Agustín, asesor
_9142674
700 _aLópez Pérez, Elvia, director
_9144494
856 4 2 _uhttp://10.13.5.2/tesis/sist111665.pdf
_yDescargar PDF
901 _aTESIS V59 2503
902 _aM
910 _a2015
942 _c2
_2ddc
942 _c2
_2ddc
999 _c170137
_d170137